Mitu Harry Potteri tegelast suudad nimetada 10 minutiga (2) - Statistics

General Stats
  • This quiz has been taken 688 times
  • The average score is 51 of 200
Answer Stats
Vihje Vastused % Correct
Gryffindor Harry Potter
97%
Gryffindor Ron Weasley
95%
Sigatüüka töötaja Albus Dumbledore
91%
Gryffindor James Sirius Potter
91%
Gryffindor Fred Weasley
90%
Slytherin Draco Malfoy
89%
Gryffindor Hermione Granger
88%
Gryffindor George Weasley
87%
Fööniksi Ordu Lily Potter
87%
Slytherin Albus Severus Potter
86%
Gryffindor Ginny Weasley
86%
Fööniksi Ordu James Potter
86%
Sigatüüka töötaja Severus Snape
86%
Fööniksi Ordu Molly Weasley
85%
Majahaldjas Dobby
84%
Surmasööja Lucius Malfoy
83%
Ravenclaw Luna Lovegood
82%
Fööniksi Ordu Sirius Black
79%
Surmasööja Voldemort
79%
Fööniksi Ordu Arthur Weasley
77%
Gryffindor Percy Weasley
73%
Surmasööja Narcissa Malfoy
72%
Sigatüüka töötaja Rubeus Hagrid
70%
Fööniksi Ordu Charlie Weasley
69%
Gryffindor Neville Longbottom
68%
Sigatüüka töötaja Minerva McGonagall
66%
Sigatüüka töötaja Remus Lupin
66%
Gryffindor Bill Weasley
65%
Mugu Dudley Dursley
63%
Varia Ariana Dumbledore
61%
Varia Aberforth Dumbledore
60%
Ravenclaw Cho Chang
58%
Loom Hedwig
58%
Mugu Petunia Dursley
58%
Varia Kendra Dumbledore
57%
Mugu Vernon Dursley
57%
Hufflepuff Cedric Diggory
56%
Gryffindor Katie Bell
56%
Surmasööja Bellatrix Lestrange
52%
Ajakirjanik Rita Skeeter
51%
Fööniksi Ordu Nymphadora Tonks
50%
Surmasööja Regulus Black
50%
Mugu Tom Riddle Sr.
48%
Varia Ted Tonks
47%
Ajakirjanik Xenophilius Lovegood
46%
Sigatüüka töötaja Alastor 'Mad-Eye' Moody
45%
Sigatüüka töötaja Dolores Umbridge
45%
Sigatüüka töötaja Phineas Nigellus Black
45%
Varia Mrs. Black
44%
Slytherin Gregory Goyle
42%
Mugu Marge Dursley
41%
Fööniksi Ordu Fleur Delacour
40%
Surmasööja Peter Pettigrew
40%
Varia Viktor Krum
39%
Gryffindor Seamus Finnigan
38%
Vaim Nearly Headless Nick
36%
Varia Tom
36%
Gryffindor Dean Thomas
35%
Slytherin Vincent Crabbe
35%
Varia Augusta Longbottom
34%
Gryffindor Oliver Wood
31%
Varia Amos Diggory
29%
Sigatüüka töötaja Argus Filch
29%
Slytherin Pansy Parkinson
29%
Ministeeriumi töötaja Cornelius Fudge
28%
Gryffindor Lavender Brown
28%
Surmasööja Barty Crouch Jr.
25%
Ministeeriumi töötaja Barty Crouch Sr.
25%
Sigatüüka töötaja Gilderoy Lockhart
25%
Sigatüüka töötaja Helga Hufflepuff
25%
Vaim Moaning Myrtle
25%
Majahaldjas Winky
25%
Sigatüüka töötaja Pomona Sprout
24%
Sigatüüka töötaja Rowena Ravenclaw
24%
Sigatüüka töötaja Salazar Slytherin
24%
Majahaldjas Kreacher
23%
Sigatüüka töötaja Godric Gryffindor
22%
Gryffindor Parvati Patil
21%
Ravenclaw Padma Patil
20%
Vaim Peeves
20%
Sigatüüka töötaja Sybill Trelawney
20%
Loom Crookshanks
19%
Sigatüüka õpetaja Filius Flitwick
19%
Loom Nagini
19%
Sigatüüka töötaja Quirinus Quirrell
18%
Loom Buckbeak
17%
Gryffindor Colin Creevey
17%
Hufflepuff Hannah Abbott
17%
Varia Gabrielle Delacour
15%
Sigatüüka töötaja Horace Slughorn
15%
Fööniksi Ordu Kingsley Shacklebolt
15%
Kentaur Firenze
14%
Loom Fluffy
14%
Gryffindor Dennis Creevey
13%
Loom Fang
13%
Fööniksi Ordu Mundungus Fletcher
13%
Ministeeriumi töötaja Reg Cattermole
13%
Gryffindor Angelina Johnson
12%
Fööniksi Ordu Arabella Figg
12%
Surmasööja Igor Karkaroff
12%
Slytherin Blaise Zabini
11%
Varia Fat Lady
11%
Gryffindor Lee Jordan
11%
Varia Madam Rosmerta
11%
Loom Aragog
10%
Hufflepuff Ernie Macmillan
10%
Loom Errol
10%
Hufflepuff Justin Finch-Fletchley
10%
Varia Marvolo Gaunt
10%
Loom Mrs. Norris
10%
Loom Norbert
10%
Sigatüüka töötaja Poppy Pomfrey
10%
Ministeeriumi töötaja Rufus Scrimgeour
10%
Ministeeriumi töötaja Amelia Bones
9%
Kentaur Bane
9%
Varia Gellert Grindelwald
9%
Härjapõlvlane Griphook
9%
Varia Madam Malkin
9%
Gryffindor Cormac McLaggen
8%
Sigatüüka töötaja Cuthbert Binns
8%
Varia Ernie Prang
8%
Surmasööja Fenrir Greyback
8%
Varia Garrick Ollivander
8%
Ministeeriumi töötaja Ludo Bagman
8%
Varia Merope Gaunt
8%
Varia Morfin Gaunt
8%
Varia Olympe Maxime
8%
Sigatüüka töötaja Rolanda Hooch
8%
Surmasööja Alecto Carrow
7%
Surmasööja Amycus Carrow
7%
Varia Bathilda Bagshot
7%
Vaim Bloody Baron
7%
Loom Fawkes
7%
Mugu Frank Bryce
7%
Loom Pigwidgeon
7%
Gryffindor Alicia Spinnet
6%
Fööniksi Ordu Dedalus Diggle
6%
Slytherin Marcus Flint
6%
Ravenclaw Terry Boot
6%
Loom Trevor
6%
Surmasööja Antonin Dolohov
5%
Fööniksi Ordu Elphias Doge
5%
Majahaldjas Hokey
5%
Ministeeriumi töötaja Mafalda Hopkirk
5%
Varia Mary Cattermole
5%
Surmasööja Pius Thicknesse
5%
Gryffindor Romilda Vane
5%
Hufflepuff Zacharias Smith
5%
Ministeeriumi töötaja Albert Runcorn
4%
Slytherin Avery
4%
Varia Hepsibah Smith
4%
Sigatüüka töötaja Irma Pince
4%
Ministeeriumi töötaja John Dawlish
4%
Ravenclaw Marcus Belby
4%
Ravenclaw Michael Corner
4%
Varia Nicolas Flamel
4%
Varia Stan Shunpike
4%
Surmasööja Walden Macnair
4%
Sigatüüka töötaja Wilhelmina Grubbly-Plank
4%
Surmasööja Yaxley
4%
Surmasööja Augustus Rookwood
3%
Ministeeriumi töötaja Bertha Jorkins
3%
Gryffindor Demelza Robins
3%
Fööniksi Ordu Hestia Jones
3%
Ravenclaw Marietta Edgecombe
3%
Slytherin Millicent Bulstrode
3%
Kentaur Ronan
3%
Sigatüüka töötaja Armando Dippet
2%
Härjapõlvlane Bogrod
2%
Gryffindor Jimmy Peakes
2%
Hufflepuff Leanne
2%
Mugu Mrs. Cole
2%
Mugu Piers Polkiss
2%
Surmasööja Scabior
2%
Fööniksi Ordu Sturgis Podmore
2%
Slytherin Adrian Pucey
1%
Varia Aunt Muriel
1%
Varia Beedle the Bard
1%
Ministeeriumi töötaja Bob Ogden
1%
Varia Caractacus Burke
1%
Ministeeriumi töötaja Dirk Cresswell
1%
Slytherin Graham Montague
1%
Varia Grawp
1%
Varia Gregorovitch
1%
Ministeeriumi töötaja Griselda Marchbanks
1%
Varia Karkus
1%
Kentaur Magorian
1%
Varia Moran
1%
Varia Mr. Borgin
1%
Mugu Mr. Roberts
1%
Sigatüüka töötaja Professor Tofty
1%
Ravenclaw Roger Davies
1%
Varia Sir Cadogan
1%
Surmasööja Travers
1%
Varia Troy
1%
Varia Aidan Lynch
0%
Ministeeriumi töötaja Broderick Bode
0%
Slytherin Cassius Warrington
0%
Varia Hassan Mostafa
0%
Ministeeriumi töötaja Wilkie Twycross
0%
No matching quizzes found
Score Distribution
Percent of People with Each Score
Percentile by Number Answered
Your Score History
You have not taken this quiz